| 000 | 00638nam a22002297a 4500 | ||
|---|---|---|---|
| 001 | 86545 | ||
| 003 | UA-OsUOA | ||
| 005 | 20211016094149.0 | ||
| 007 | ta | ||
| 008 | 20120905b un ||||| |||| 00| 0 ukr d | ||
| 040 |
_aUA-OsUOA _brus _cUA-OsUOA _dUA-OsUOA |
||
| 041 | _arus | ||
| 080 | _a94(47+57) | ||
| 090 |
_a94(47+57) _bБ14 |
||
| 100 | _aБагиров М. | ||
| 245 | _aИз истории развития промышленности Азербайджана (1933 - 1937 гг.) | ||
| 260 |
_aБаку _bАзгосиздат _c1972 |
||
| 300 | _a232 с. | ||
| 650 | 7 |
_a94 Історія _2UDC |
|
| 942 |
_cBK _2udc |
||
| 955 | _a2 | ||
| 999 |
_c372624 _d372624 |
||